00352 a2200121 4500001000700000020001800007040003500025100002500060240006500085245006000150300001100210362000900221156876 a9788532283191 cEscola São Tomás de Aquino aDIMENSTEIN, Gilberto10aDez lições de sociologia para um Brasil cidadãolpor10aDez lições de sociologia para um Brasil cidadão a328 p.0 a2012